<?xml version="1.0" encoding="UTF-8"?>
<collection xmlns="http://www.loc.gov/MARC21/slim">
 <record>
  <leader>03097nam a2200397 a 4500</leader>
  <controlfield tag="001">TVCDKTCT4904</controlfield>
  <controlfield tag="003">Thư viện trường Cao đẳng Kỹ thuật Cao Thắng</controlfield>
  <controlfield tag="005">20221003100820.000</controlfield>
  <controlfield tag="008">060421</controlfield>
  <datafield tag="980" ind1="\" ind2="\">
   <subfield code="a">Thư viện Trường CĐ Kỹ Thuật Cao Thắng</subfield>
  </datafield>
  <datafield tag="024" ind1=" " ind2=" ">
   <subfield code="a">RG_1 #1 eb0 i1</subfield>
  </datafield>
  <datafield tag="041" ind1="0" ind2="#">
   <subfield code="a">vie</subfield>
  </datafield>
  <datafield tag="082" ind1="#" ind2="#">
   <subfield code="a">621.382 / </subfield>
   <subfield code="b">H407C-m</subfield>
  </datafield>
  <datafield tag="100" ind1="1" ind2="#">
   <subfield code="a">Hoàng Đình Chiến</subfield>
  </datafield>
  <datafield tag="245" ind1="0" ind2="0">
   <subfield code="a">Mạch điện tử thông tin / </subfield>
   <subfield code="c">Hoàng Đình Chiến</subfield>
  </datafield>
  <datafield tag="250" ind1="#" ind2="#">
   <subfield code="a">Tái bản lần thứ 2</subfield>
  </datafield>
  <datafield tag="260" ind1="#" ind2="#">
   <subfield code="a">Tp.HCM : </subfield>
   <subfield code="b">Đại học Quốc gia TP. HCM , </subfield>
   <subfield code="c">2004</subfield>
  </datafield>
  <datafield tag="300" ind1="#" ind2="#">
   <subfield code="a">295tr. ; </subfield>
   <subfield code="c">24cm</subfield>
  </datafield>
  <datafield tag="520" ind1="#" ind2="#">
   <subfield code="a">Chương 1: Tổng quát về hệ thống thông tin điện tử.</subfield>
  </datafield>
  <datafield tag="520" ind1="#" ind2="#">
   <subfield code="a">Chương 2: Một số khái niệm cơ bản về cao tần.</subfield>
  </datafield>
  <datafield tag="520" ind1="#" ind2="#">
   <subfield code="a">Chương 3: Khuyếch đại công suất cao tần và nhân tần số.</subfield>
  </datafield>
  <datafield tag="520" ind1="#" ind2="#">
   <subfield code="a">Chương 4: Nhiễu và khuyếch đại nhiễu thấp.( LNA)</subfield>
  </datafield>
  <datafield tag="520" ind1="#" ind2="#">
   <subfield code="a">Chương 5: Đổi tần</subfield>
  </datafield>
  <datafield tag="520" ind1="#" ind2="#">
   <subfield code="a">Chương 6: Khuyếch đại trung tần ( IF ) Và các bộ lọc IF</subfield>
  </datafield>
  <datafield tag="520" ind1="#" ind2="#">
   <subfield code="a">Chương 7: Dao động - Tổng hợp tần số.</subfield>
  </datafield>
  <datafield tag="520" ind1="#" ind2="#">
   <subfield code="a">Chương 8: Điều chế và giải điều chế tương tự.</subfield>
  </datafield>
  <datafield tag="520" ind1="#" ind2="#">
   <subfield code="a">Chương 9: Điều chế và giải điều chế số</subfield>
  </datafield>
  <datafield tag="520" ind1="#" ind2="#">
   <subfield code="a">Tài liệu được biên soạn theo đề cương môn học Mạch điện tử thông tin (Mạch điện tử 3) để thay thế môn Điện tử Thông tin dùng cho sinh viên khoa Điện - Điện tử trường đại học Bách Khoa Tp. HCM. Nội dung tài liệu đề cập đến nguyên lý, tính toán cơ bản mạch điện tử thông tin cao tần. Từ các modul mạch này cấu tạo nên các phần cứng cao tần của các hệ thống điện tử thông tin hiện đại. Bên cạnh đó tác giả còn cập nhật các tài liệu mới, kỹ thuật công nghệ mới và kiến thức nhiều năm thiết kế, chế tạo thiết bị vô tuyến. Nội dung Cuốn sách gồm 9 chương.</subfield>
  </datafield>
  <datafield tag="650" ind1="#" ind2="4">
   <subfield code="a">Điện tử viễn thông</subfield>
  </datafield>
  <datafield tag="653" ind1="#" ind2="#">
   <subfield code="a">Communication Electronic Circuits</subfield>
  </datafield>
  <datafield tag="653" ind1="#" ind2="#">
   <subfield code="a">Electronic communication Engineering Technology</subfield>
  </datafield>
  <datafield tag="653" ind1="#" ind2="#">
   <subfield code="a">Mạch điện tử thông tin</subfield>
  </datafield>
  <datafield tag="721" ind1="#" ind2="#">
   <subfield code="a">CNKT Điện tử viễn thông</subfield>
  </datafield>
  <datafield tag="721" ind1="#" ind2="#">
   <subfield code="a">CNKT Điện tử</subfield>
  </datafield>
  <datafield tag="721" ind1="#" ind2="#">
   <subfield code="a">Công nghệ thông tin</subfield>
  </datafield>
  <datafield tag="841" ind1="#" ind2="#">
   <subfield code="b">Kho Sách </subfield>
   <subfield code="j">100015780, 100015781, 100022466, 100022468, 100022471, 100022473, 100022477, 100022478, 100022479, 100022480, 100022481, 100022482, 100022484, 100022485, 100022487, 100022489, 100022490, 100022492, 100022494, 100022495, 100022496, 100022497, 100022983, 100023012, 100023039, 100023044, 100023313, 100023700, 100023743, 100023748, 100023760, 100023793, 100026375, 100026380, 100026381, 100026382, 100026383</subfield>
  </datafield>
 </record>
</collection>
